Paroles - Il est mort le soleil - Nicoletta - Statistiques

Statistiques générales
  • Ce quiz a été pris 31 fois
  • Le résultat moyen est 105 sur 137
Statistiques - réponses
Paroles % Correct
est
100%
Il
100%
il
100%
le
100%
ma
100%
mort,
100%
mort
100%
soleil
100%
à
94%
et
94%
Et
94%
pour
94%
Quand
94%
tu
94%
C'est
89%
de
89%
la
89%
moi
89%
en
83%
je
83%
Mais
83%
m'as
83%
ne
83%
que
83%
quittée
83%
vie
83%
sur
78%
mon
72%
on
72%
Dans
61%
l'été
61%
pareil
61%
suis
61%
plus
56%
tes
56%
coeur,
50%
Hier,
50%
Hier
50%
hier
50%
même
50%
mer
50%
yeux
50%
C'était
44%
chaud
44%
couleur
44%
hiver
44%
jour
44%
sable
44%
âme
39%
beau
39%
dormait
39%
faisait
39%
L'amour
39%
seule
39%
deuil
33%
gris
33%
j'aimais
33%
mieux
33%
pluie
33%
porter
33%
s'habille
33%
L'ombre
28%
franchit
22%
seuil
22%
Aucun quiz correspondant
Distribution des résultats
% des personnes avec chaque résultat
Percentile par nombre de réponses
Votre historique - résultats
Vous n’avez pas pris ce quiz